Youngest NBA Player of the Week Winners - Statistics

General Stats
  • This quiz has been taken 7 times
  • The average score is 9 of 20
Answer Stats
Hint Answer Team % Correct
5. LeBron James Cavaliers
100%
1. Carmelo Anthony Nuggets
83%
6. Kyrie Irving Cavaliers
83%
19. Jayson Tatum Celtics
67%
14. Kevin Durant Super Sonics
67%
4. Chris Paul Hornets
50%
3. Karl-Anthony Towns Timberwolves
50%
9. Magic Johnson Lakers
50%
11. Shaquille O'Neal Magic
50%
10. Trae Young Hawks
50%
17. Victor Wembanyama Spurs
50%
13. Allen Iverson 76ers
33%
15. Ben Simmons 76ers
33%
2. Cliff Robinson Nets
33%
16. Isiah Thomas Pistons
33%
12. Brandon Jennings Bucks
17%
8. Chris Bosh Raptors
17%
7. Chris Webber Warriors
17%
20. Saddiq Bey Pistons
17%
18. Jared Sullinger Celtics
0%
No matching quizzes found
Score Distribution
Percent of People with Each Score
Percentile by Number Answered
Your Score History
You have not taken this quiz